Word Laddyrinth XIII Quiz Stats

Quiz Updated May 26, 2012

Challenge
Share
Tweet
Embed
Score 0/192 Timer 07:00
12 Plays Today
% Correct
Cluedo or Risk, eg
99.9%
FINISH
99.8%
0~O~0~O~0~O~0
96.9%
0~O~0~O~0~O~0
96.9%
donated
96.9%
identical
96.8%
GAME
96.7%
0~O~0~O~0~O~0
96.1%
0~O~0~O~0~O~0
96.1%
low price event
95.5%
SAME
95.5%
possess
94.8%
GAVE
94.7%
0~O~0~O~0~O~0
94.5%
0~O~0~O~0~O~0
94.5%
bee home
93.1%
story; fable
93.1%
SALE
93.1%
bottom of a shoe
93.1%
0~O~0~O~0~O~0
93.1%
0~O~0~O~0~O~0
93.1%
HAVE
93%
0~O~0~O~0~O~0
93%
0~O~0~O~0~O~0
93%
add an employee
92.9%
HIVE
92.9%
four and one
92.9%
0~O~0~O~0~O~0
92.5%
0~O~0~O~0~O~0
92.5%
speak
92.4%
TALE
92.3%
FIVE
92.1%
wear out; exhaust
91.7%
HIRE
91.6%
SOLE
90.9%
travel by foot
90.3%
TALK
90.2%
roof supporter
90.2%
WALK
90.1%
ripped
89.3%
TIRE
89.2%
0~O~0~O~0~O~0
88.6%
0~O~0~O~0~O~0
88.6%
0~O~0~O~0~O~0
86.4%
0~O~0~O~0~O~0
86.4%
skin opening
86.2%
TORE
86%
0~O~0~O~0~O~0
85.9%
0~O~0~O~0~O~0
85.9%
desire
82.7%
WALL
82.7%
untainted
82.1%
PORE
81.8%
remedy
80.8%
0~O~0~O~0~O~0
80.7%
0~O~0~O~0~O~0
80.7%
0~O~0~O~0~O~0
80.7%
0~O~0~O~0~O~0
80.7%
feel interest
80.6%
certain
80.5%
PURE
80.4%
adorable
80.3%
CURE
80.2%
silent
79.5%
% Correct
CUTE
79.5%
0~O~0~O~0~O~0
79.1%
0~O~0~O~0~O~0
79.1%
ride the waves, maybe
78.8%
SURE
78.8%
SURF
78.2%
artificial grass
78.2%
TURF
77.6%
0~O~0~O~0~O~0
76.4%
0~O~0~O~0~O~0
76.4%
pack animal
76.2%
a small arachnid
76.1%
MUTE
76.1%
0~O~0~O~0~O~0
76%
0~O~0~O~0~O~0
76%
bold challenge
73.1%
0~O~0~O~0~O~0
73%
0~O~0~O~0~O~0
73%
CARE
72.6%
MULE
72.2%
1760 yards
72.2%
0~O~0~O~0~O~0
72.2%
0~O~0~O~0~O~0
72.2%
MILE
72%
lightless
71.9%
Dec. 25th, eg
71.8%
DARE
71.7%
0~O~0~O~0~O~0
71.5%
0~O~0~O~0~O~0
71.5%
0~O~0~O~0~O~0
70.7%
0~O~0~O~0~O~0
70.7%
0~O~0~O~0~O~0
70.5%
0~O~0~O~0~O~0
70.5%
0~O~0~O~0~O~0
70.4%
0~O~0~O~0~O~0
70.4%
0~O~0~O~0~O~0
70.4%
0~O~0~O~0~O~0
70.4%
0~O~0~O~0~O~0
70.4%
0~O~0~O~0~O~0
70.4%
tree skin
70.3%
0~O~0~O~0~O~0
70.3%
0~O~0~O~0~O~0
70.3%
WILL
70.2%
farm building
70.2%
DARK
70.1%
rear side
70.1%
BARK
70.1%
scorch
69.9%
BARN
69.8%
acquire by merit
69.8%
put in the ground
69.4%
0~O~0~O~0~O~0
69.4%
0~O~0~O~0~O~0
69.4%
BURN
69.4%
court tribunal
68.4%
BURY
68.3%
in the proper way
68.2%
EARN
68%
prepare luggage
67.7%
BACK
67.7%
choose; select
67.5%
seventh month
67.5%
PACK
67.5%
JURY
67.4%
% Correct
JULY
67.3%
PICK
67%
red and white
67%
0~O~0~O~0~O~0
66.6%
0~O~0~O~0~O~0
66.6%
MITE
66.3%
tardy
64.2%
DATE
64.2%
LATE
63.8%
Baikal or Erie, eg
63.8%
PINK
63.1%
LAKE
62.5%
blunt
59.2%
male bovine
58.6%
0~O~0~O~0~O~0
58.2%
0~O~0~O~0~O~0
58.2%
0~O~0~O~0~O~0
58.1%
0~O~0~O~0~O~0
58.1%
spherical toy
58%
0~O~0~O~0~O~0
57.9%
0~O~0~O~0~O~0
57.9%
hairless
57.8%
autumn
57.8%
BALL
57.8%
DULY
57.7%
musical group
57.6%
BALD
57.5%
BULL
57.4%
DULL
57.4%
toy person
57.4%
0~O~0~O~0~O~0
57.1%
0~O~0~O~0~O~0
57.1%
0~O~0~O~0~O~0
57%
0~O~0~O~0~O~0
57%
flex
56.6%
DOLL
56.6%
financial institution
56.6%
BAND
56.6%
FALL
56.5%
BANK
55.2%
loan
54.3%
BEND
54.2%
toxic metal
53.7%
LEND
53.6%
0~O~0~O~0~O~0
52.8%
0~O~0~O~0~O~0
52.8%
thin; having little fat
52.7%
LEAD
52.7%
peruse a book, eg
52.7%
rude; malicious
52%
LEAN
52%
READ
51.9%
complain; groan
51.6%
MEAN
51.6%
lunch, eg
51.6%
0~O~0~O~0~O~0
51.6%
0~O~0~O~0~O~0
51.6%
MEAL
51%
natural satellite
49.5%
MOAN
49.5%
MOON
48.7%
in the near future
48.7%
WELL DONE
48%
SOON
47.9%

You're not logged in!

Compare scores with friends on all Sporcle quizzes.
Sign Up with Email
OR
Log In

You Might Also Like...

Show Comments

Extras

Top Quizzes Today


Score Distribution

Your Account Isn't Verified!

In order to create a playlist on Sporcle, you need to verify the email address you used during registration. Go to your Sporcle Settings to finish the process.